000 01190nam a22002777a 4500
005 20170501155918.0
010 _a1516EN07 B-666117
020 _a9780198096733
_c1495.00
035 _aB-666117
037 _bPragati/ven
082 _a840.08
100 _aRakshanda Jalil
245 _aLiking, progress.loving change: a literary history of the progressive writing' movement in Urdu /
_b by Rakhshanda Jalil
260 _aNew Delhi
_bOxford University Press,
_c2014
270 _aYMCA Library building, 1 Jai Singh road
_bNew Delhi
_e110001
300 _axiii, 482p.
_c23 cm. (Hb)
500 _aincludes with index
650 _aWelfare economics.
650 _aFinance, Public.
650 _aFinance, Public
_xMathematical models.
650 _aWelfare economics
_xMathematical models.
650 _aDevelopment economics.
856 _3Table of contents only
_uhttp://www.loc.gov/catdir/enhancements/fy0628/2006297239-t.html
942 _adpl
_cEN
_2ddc
_h840.08
_mRAK
999 _c96137
_d96137